书目信息 |
| 题名: |
工程力学与工程结构
|
|
| 作者: | ;武汉水利电力学院工程力学与工程结构教研室 编 | |
| 分册: | 上册 | |
| 出版信息: | 北京 人民教育出版社 1976 |
|
| 页数: | 463页 | |
| 开本: | 26cm | |
| 丛书名: | ||
| 单 册: | ||
| 中图分类: | TV3 | |
| 科图分类: | ||
| 主题词: | 水利工程-工程力学 , 工程力学-水利工程 , 水工结构 | |
| 电子资源: | ||
| ISBN: | ||
| 000 | 00787nam0 2200241 45 | |
| 001 | 0176003988 | |
| 005 | 20060812151015.28 | |
| 010 | @dCNY2.45 | |
| 091 | @a15012.010 | |
| 100 | @a19950109d1976 em y0chiy0121 ea | |
| 101 | 0 | @achi |
| 102 | @aCN@b110000 | |
| 105 | @ay z 000yy | |
| 200 | 10 | @a工程力学与工程结构@Agong cheng li xue yu gong cheng jie gou@h上册@f武汉水利电力学院工程力学与工程结构教研室编 |
| 210 | @a北京@c人民教育出版社@d1976 | |
| 215 | @a463页@d26cm | |
| 606 | @a水利工程-工程力学 | |
| 606 | @a工程力学-水利工程 | |
| 606 | @a水工结构 | |
| 690 | @aTV3@v3 | |
| 711 | 02 | @a武汉水利电力学院工程力学与工程结构教研室@Awu han shui li dian li xue yuan gong cheng li xue yu gong cheng jie gou jiao yan shi@4编 |
| 801 | 0 | @aCN@bTSSF@c20060812 |
| 905 | @a10447@dTV3@e27:1 | |
| 工程力学与工程结构.上册/武汉水利电力学院工程力学与工程结构教研室编.-北京:人民教育出版社,1976 |
| 463页;26cm |
| ISBN :CNY2.45 |
| ● |
| 相关链接 |
|
|
|
|
正题名:工程力学与工程结构
索取号:TV3/27:1
 
预约/预借
| 序号 | 登录号 | 条形码 | 馆藏地/架位号 | 状态 | 备注 |
| 1 | 0452400 | 204524005 | 密集书库/ [索取号:TV3/27:1] | 在馆 |